000 00291nam a2200121 i 4500
001 bg
245 0 _aStrukture and Properties of Ceramic and Metallic Materials.
260 _aWarszawa,
_c1974.
040 _cBPK
041 _apol
942 _cKS
008 s pl f |000 0 pol
999 _c17801
_d17801
856 _uhttp://koha.tu.koszalin.pl/cgi-bin/koha/opac-detail.pl?biblionumber=17801
_yKatalog online BPK